[Event "Masters Tournament (MTO)"]
[Site "Biel, CH"]
[Date "2025.07.19"]
[Round "6"]
[White "Latorre, Vincent"]
[Black "Doraszelski, Alexander"]
[Result "1-0"]
[Board "16"]
[WhiteFideId "2636891"]
[BlackFideId "12996149"]
[WhiteTitle "FM"]
[WhiteElo "2326"]
[BlackElo "2154"]
[WhiteTeam "CAN"]
[BlackTeam "GER"]
[WhiteClock "0:30:12"]
[BlackClock "0:24:50"]
[Variant "Standard"]

1. d4 {[%clk 1:38:51]}  d5 {[%clk 1:40:27]} 2. c4 {[%clk 1:39:00]}  e6 {[%clk 1:40:44]} 3. Nf3 {[%clk 1:39:22]}  a6 {[%clk 1:41:00]} 4. Bg5 {[%clk 1:39:23]}  Be7 {[%clk 1:41:22]} 5. Bxe7 {[%clk 1:39:38]}  Qxe7 {[%clk 1:41:43]} 6. Nbd2 {[%clk 1:39:31]}  Nf6 {[%clk 1:41:42]} 7. g3 {[%clk 1:39:20]}  dxc4 {[%clk 1:41:51]} 8. Nxc4 {[%clk 1:39:26]}  Nc6 {[%clk 1:42:12]} 9. Rc1 {[%clk 1:35:09]}  b5 {[%clk 1:42:15]} 10. Nce5 {[%clk 1:33:54]}  Nxe5 {[%clk 1:42:35]} 11. Nxe5 {[%clk 1:28:32]}  Bb7 {[%clk 1:42:10]} 12. Nc6 {[%clk 1:28:22]}  Qd6 {[%clk 1:42:31]} 13. Qc2 {[%clk 1:25:41]}  Nd5 {[%clk 1:36:41]} 14. Qc5 {[%clk 1:10:33]}  Qxc5 {[%clk 1:27:33]} 15. Rxc5 {[%clk 1:10:44]}  Ne7 {[%clk 1:25:57]} 16. Bg2 {[%clk 1:10:06]}  Bxc6 {[%clk 1:25:36]} 17. Bxc6+ {[%clk 1:09:45]}  Nxc6 {[%clk 1:26:00]} 18. Rxc6 {[%clk 1:10:10]}  O-O-O {[%clk 1:22:48]} 19. e3 {[%clk 1:08:26]}  Rd6 {[%clk 1:18:23]} 20. Rc5 {[%clk 0:55:27]}  Rhd8 {[%clk 1:04:26]} 21. Ke2 {[%clk 1:05:11]}  Rd5 {[%clk 1:01:56]} 22. Rhc1 {[%clk 1:00:14]}  Rxc5 {[%clk 1:00:28]} 23. Rxc5 {[%clk 1:00:37]}  Rd5 {[%clk 1:00:26]} 24. Rxd5 {[%clk 0:49:44]}  exd5 {[%clk 1:00:54]} 25. b4 {[%clk 0:49:26]}  Kd7 {[%clk 0:58:39]} 26. Kf3 {[%clk 0:46:05]}  Ke6 {[%clk 0:57:03]} 27. Kg4 {[%clk 0:41:35]}  Kf6 {[%clk 0:51:08]} 28. f3 {[%clk 0:24:46]}  c6 {[%clk 0:43:28]} 29. h3 {[%clk 0:23:00]}  Kg6 {[%clk 0:33:58]} 30. Kf4 {[%clk 0:15:05]}  Kf6 {[%clk 0:33:57]} 31. h4 {[%clk 0:07:26]}  h6 {[%clk 0:32:07]} 32. Kg4 {[%clk 0:02:35]}  g6 {[%clk 0:21:21]} 33. h5 {[%clk 0:09:36]}  Ke6 {[%clk 0:24:11]} 34. Kh3 {[%clk 0:00:59]}  Kf6 {[%clk 0:06:14]} 35. Kh4 {[%clk 0:01:24]}  Kf5 {[%clk 0:05:54]} 36. g4+ {[%clk 0:01:05]}  Kf6 {[%clk 0:04:14]} 37. hxg6 {[%clk 0:01:29]}  Kxg6 {[%clk 0:04:16]} 38. Kg3 {[%clk 0:01:14]}  Kg5 {[%clk 0:03:31]} 39. Kh3 {[%clk 0:01:05]}  h5 {[%clk 0:01:28]} 40. f4+ {[%clk 0:01:08]}  Kg6 {[%clk 0:01:40]} 41. g5 {[%clk 0:30:11]}  f6 {[%clk 0:25:27]} 42. Kh4 {[%clk 0:29:49]}  f5 {[%clk 0:24:50]} 43. a3 {[%clk 0:30:12]} 1-0

[Event "Masters Tournament (MTO)"]
[Site "Biel, CH"]
[Date "2025.07.19"]
[Round "6"]
[White "Georgescu, Lena"]
[Black "Song, Ethan"]
[Result "1-0"]
[Board "17"]
[WhiteFideId "1331973"]
[BlackFideId "62900412"]
[WhiteTitle "WGM"]
[BlackTitle "FM"]
[WhiteElo "2185"]
[BlackElo "2288"]
[WhiteTeam "SUI"]
[BlackTeam "CAN"]
[WhiteClock "0:01:41"]
[BlackClock "1:08:20"]
[Variant "Standard"]

1. e4 {[%clk 1:40:58]}  e5 {[%clk 1:32:31]} 2. Nf3 {[%clk 1:41:20]}  Nc6 {[%clk 1:32:59]} 3. Bb5 {[%clk 1:41:38]}  a6 {[%clk 1:33:27]} 4. Ba4 {[%clk 1:42:02]}  Nf6 {[%clk 1:32:21]} 5. O-O {[%clk 1:42:23]}  b5 {[%clk 1:32:44]} 6. Bb3 {[%clk 1:42:46]}  Be7 {[%clk 1:32:52]} 7. d4 {[%clk 1:40:11]}  d6 {[%clk 1:31:18]} 8. dxe5 {[%clk 1:40:35]}  dxe5 {[%clk 1:28:46]} 9. Qxd8+ {[%clk 1:40:38]}  Bxd8 {[%clk 1:19:39]} 10. a4 {[%clk 1:31:52]}  Rb8 {[%clk 1:25:44]} 11. axb5 {[%clk 1:27:48]}  axb5 {[%clk 1:26:00]} 12. Be3 {[%clk 1:13:46]}  Be7 {[%clk 1:22:21]} 13. Nc3 {[%clk 1:07:52]}  Bd7 {[%clk 1:16:24]} 14. Rfd1 {[%clk 1:07:39]}  Bd6 {[%clk 1:04:15]} 15. Ng5 {[%clk 0:49:56]}  O-O {[%clk 1:10:05]} 16. Nd5 {[%clk 0:49:42]}  Rbd8 {[%clk 1:06:36]} 17. c3 {[%clk 0:45:01]}  Ng4 {[%clk 1:06:27]} 18. Bd2 {[%clk 0:31:59]}  h6 {[%clk 1:05:04]} 19. Nf3 {[%clk 0:32:01]}  Kh7 {[%clk 1:04:48]} 20. h3 {[%clk 0:30:49]}  Nf6 {[%clk 1:04:32]} 21. Nxf6+ {[%clk 0:26:50]}  gxf6 {[%clk 1:05:00]} 22. Nh4 {[%clk 0:25:38]}  Ne7 {[%clk 1:01:40]} 23. Be3 {[%clk 0:24:58]}  Kg7 {[%clk 0:53:44]} 24. Bc2 {[%clk 0:20:11]}  Be6 {[%clk 0:58:10]} 25. Nf5+ {[%clk 0:19:36]}  Nxf5 {[%clk 0:58:09]} 26. exf5 {[%clk 0:20:04]}  Bd7 {[%clk 0:57:58]} 27. Be4 {[%clk 0:20:04]}  Rb8 {[%clk 0:56:50]} 28. b4 {[%clk 0:18:13]}  Rbd8 {[%clk 0:49:53]} 29. g4 {[%clk 0:17:43]}  Rh8 {[%clk 0:44:54]} 30. Kg2 {[%clk 0:13:02]}  h5 {[%clk 0:49:38]} 31. f3 {[%clk 0:12:14]}  hxg4 {[%clk 0:48:23]} 32. fxg4 {[%clk 0:07:35]}  Bc8 {[%clk 0:43:24]} 33. Kg3 {[%clk 0:04:31]}  Kf8 {[%clk 0:40:54]} 34. h4 {[%clk 0:06:57]}  Ke7 {[%clk 0:40:49]} 35. h5 {[%clk 0:05:27]}  Rdg8 {[%clk 0:40:36]} 36. Kf3 {[%clk 0:04:56]}  Bd7 {[%clk 0:38:54]} 37. Ra7 {[%clk 0:04:14]}  Rc8 {[%clk 0:37:35]} 38. h6 {[%clk 0:03:55]}  Rh7 {[%clk 0:38:36]} 39. Rh1 {[%clk 0:00:28]}  Rch8 {[%clk 0:36:17]} 40. Ra2 {[%clk 0:00:57]}  Be8 {[%clk 0:31:54]} 41. Ra8 {[%clk 0:21:08]}  Rg8 {[%clk 0:25:38]} 42. g5 {[%clk 0:14:30]}  Rhh8 {[%clk 1:02:53]} 43. h7 {[%clk 0:12:12]}  Rf8 {[%clk 1:03:00]} 44. gxf6+ {[%clk 0:10:13]}  Kxf6 {[%clk 1:02:02]} 45. Rh6+ {[%clk 0:09:58]}  Ke7 {[%clk 1:03:37]} 46. f6+ {[%clk 0:09:01]}  Ke6 {[%clk 1:03:42]} 47. Bg5 {[%clk 0:06:32]}  Bd7 {[%clk 1:03:39]} 48. Rxf8 {[%clk 0:06:34]}  Bxf8 {[%clk 1:03:59]} 49. Rh1 {[%clk 0:05:34]}  Be8 {[%clk 1:03:27]} 50. Ra1 {[%clk 0:04:11]}  Bd7 {[%clk 1:02:45]} 51. Ra8 {[%clk 0:03:18]}  c6 {[%clk 1:02:36]} 52. Rxf8 {[%clk 0:02:06]}  Rxf8 {[%clk 1:02:52]} 53. Bh6 {[%clk 0:02:34]}  Rh8 {[%clk 1:03:11]} 54. Bg7 {[%clk 0:03:00]}  Rxh7 {[%clk 1:03:37]} 55. Bxh7 {[%clk 0:03:27]}  Kd5 {[%clk 1:04:03]} 56. Bd3 {[%clk 0:01:28]}  c5 {[%clk 1:04:26]} 57. bxc5 {[%clk 0:01:29]}  Kxc5 {[%clk 1:03:50]} 58. Ke4 {[%clk 0:00:57]}  Kd6 {[%clk 1:05:14]} 59. Bf8+ {[%clk 0:01:01]}  Ke6 {[%clk 1:05:42]} 60. Be7 {[%clk 0:01:02]}  Be8 {[%clk 1:06:09]} 61. Bc2 {[%clk 0:01:08]}  Bc6+ {[%clk 1:06:32]} 62. Ke3 {[%clk 0:01:37]}  Bd5 {[%clk 1:06:53]} 63. Be4 {[%clk 0:01:30]}  Bb3 {[%clk 1:07:16]} 64. Bc6 {[%clk 0:01:10]}  Bc4 {[%clk 1:07:36]} 65. Ke4 {[%clk 0:01:11]}  b4 {[%clk 1:07:53]} 66. cxb4 {[%clk 0:01:23]}  Bb5 {[%clk 1:08:20]} 67. Bd5+ {[%clk 0:01:41]} 1-0

[Event "Masters Tournament (MTO)"]
[Site "Biel, CH"]
[Date "2025.07.19"]
[Round "6"]
[White "Yang, Ray"]
[Black "Schlegel, Igor"]
[Result "1-0"]
[Board "18"]
[WhiteFideId "3220281"]
[BlackFideId "1334956"]
[WhiteTitle "FM"]
[BlackTitle "FM"]
[WhiteElo "2081"]
[BlackElo "2275"]
[WhiteTeam "AUS"]
[BlackTeam "SUI"]
[WhiteClock "0:07:44"]
[BlackClock "0:09:37"]
[Variant "Standard"]

1. d4 {[%clk 1:40:58]}  d5 {[%clk 1:40:44]} 2. c4 {[%clk 1:41:21]}  e6 {[%clk 1:41:10]} 3. Nf3 {[%clk 1:41:40]}  Nf6 {[%clk 1:41:33]} 4. g3 {[%clk 1:42:03]}  Bb4+ {[%clk 1:41:52]} 5. Bd2 {[%clk 1:42:15]}  Be7 {[%clk 1:42:15]} 6. Bg2 {[%clk 1:42:14]}  O-O {[%clk 1:42:37]} 7. O-O {[%clk 1:42:09]}  c6 {[%clk 1:43:00]} 8. Qc2 {[%clk 1:42:25]}  b6 {[%clk 1:43:22]} 9. Bf4 {[%clk 1:42:06]}  Bb7 {[%clk 1:43:45]} 10. Rd1 {[%clk 1:41:27]}  Na6 {[%clk 1:43:33]} 11. Ne5 {[%clk 1:34:35]}  Nb4 {[%clk 1:35:33]} 12. Qc1 {[%clk 1:31:43]}  dxc4 {[%clk 1:35:13]} 13. a3 {[%clk 1:30:01]}  Nbd5 {[%clk 1:35:37]} 14. Qxc4 {[%clk 1:30:15]}  Rc8 {[%clk 1:30:10]} 15. Nc3 {[%clk 1:15:08]}  Nxf4 {[%clk 1:35:22]} 16. gxf4 {[%clk 1:15:32]}  Nd5 {[%clk 1:35:39]} 17. e3 {[%clk 1:15:51]}  Bd6 {[%clk 1:25:48]} 18. Ne4 {[%clk 1:14:26]}  Bb8 {[%clk 1:25:58]} 19. Qe2 {[%clk 1:13:50]}  f6 {[%clk 1:22:57]} 20. Nd3 {[%clk 1:12:03]}  Qe8 {[%clk 1:20:51]} 21. Ng3 {[%clk 1:09:22]}  f5 {[%clk 0:57:36]} 22. Ne5 {[%clk 0:56:10]}  Qe7 {[%clk 0:47:13]} 23. Rdc1 {[%clk 0:51:34]}  Rc7 {[%clk 0:33:44]} 24. b4 {[%clk 0:46:41]}  g5 {[%clk 0:35:49]} 25. Bxd5 {[%clk 0:38:56]}  exd5 {[%clk 0:25:18]} 26. fxg5 {[%clk 0:40:37]}  f4 {[%clk 0:24:31]} 27. Nh5 {[%clk 0:33:45]}  Qxg5+ {[%clk 0:21:24]} 28. Kh1 {[%clk 0:34:06]}  f3 {[%clk 0:21:50]} 29. Rg1 {[%clk 0:34:31]}  fxe2 {[%clk 0:22:16]} 30. Rxg5+ {[%clk 0:34:50]}  Kh8 {[%clk 0:22:41]} 31. Nf4 {[%clk 0:32:34]}  Rcc8 {[%clk 0:17:42]} 32. Rh5 {[%clk 0:27:48]}  Rf6 {[%clk 0:04:38]} 33. Nd7 {[%clk 0:11:53]}  Rxf4 {[%clk 0:12:12]} 34. exf4 {[%clk 0:10:11]}  Bxf4 {[%clk 0:12:20]} 35. Ne5 {[%clk 0:10:02]}  Bd2 {[%clk 0:11:17]} 36. Rg1 {[%clk 0:09:12]}  h6 {[%clk 0:08:26]} 37. Nf3 {[%clk 0:07:23]}  Re8 {[%clk 0:09:37]} 38. Nxd2 {[%clk 0:07:44]} 1-0

[Event "Masters Tournament (MTO)"]
[Site "Biel, CH"]
[Date "2025.07.19"]
[Round "6"]
[White "Vincenti, Leonardo"]
[Black "Bai, Xue"]
[Result "1-0"]
[Board "19"]
[WhiteFideId "28550820"]
[BlackFideId "8608717"]
[WhiteTitle "CM"]
[WhiteElo "2265"]
[BlackElo "2124"]
[WhiteTeam "ITA"]
[BlackTeam "CHN"]
[WhiteClock "0:15:22"]
[BlackClock "0:02:54"]
[Variant "Standard"]

1. e4 {[%clk 1:40:59]}  e5 {[%clk 1:40:54]} 2. Nf3 {[%clk 1:41:25]}  Nc6 {[%clk 1:41:20]} 3. Bb5 {[%clk 1:41:51]}  a6 {[%clk 1:41:45]} 4. Ba4 {[%clk 1:42:19]}  Nf6 {[%clk 1:42:09]} 5. d3 {[%clk 1:42:46]}  b5 {[%clk 1:42:34]} 6. Bb3 {[%clk 1:43:14]}  Be7 {[%clk 1:42:57]} 7. Nc3 {[%clk 1:43:38]}  d6 {[%clk 1:43:21]} 8. a3 {[%clk 1:43:00]}  O-O {[%clk 1:43:16]} 9. O-O {[%clk 1:39:09]}  Be6 {[%clk 1:40:46]} 10. Nd5 {[%clk 1:37:53]}  Na5 {[%clk 1:38:28]} 11. Ba2 {[%clk 1:33:05]}  c5 {[%clk 1:32:35]} 12. b4 {[%clk 1:32:22]}  Nc6 {[%clk 1:13:24]} 13. c3 {[%clk 1:26:17]}  a5 {[%clk 1:07:00]} 14. bxc5 {[%clk 1:12:14]}  dxc5 {[%clk 1:06:45]} 15. Nxf6+ {[%clk 1:12:07]}  Bxf6 {[%clk 1:06:28]} 16. Bxe6 {[%clk 1:12:45]}  fxe6 {[%clk 1:02:23]} 17. Qb3 {[%clk 0:57:37]}  Qd6 {[%clk 1:01:59]} 18. Qxb5 {[%clk 0:55:54]}  a4 {[%clk 0:54:56]} 19. Be3 {[%clk 0:55:06]}  Be7 {[%clk 0:50:27]} 20. Rab1 {[%clk 0:46:37]}  Rfb8 {[%clk 0:49:41]} 21. Qc4 {[%clk 0:45:17]}  Rxb1 {[%clk 0:49:35]} 22. Rxb1 {[%clk 0:44:34]}  Na5 {[%clk 0:38:07]} 23. Qxa4 {[%clk 0:42:52]}  Qxd3 {[%clk 0:27:03]} 24. Rd1 {[%clk 0:42:20]}  Qc4 {[%clk 0:22:34]} 25. Qd7 {[%clk 0:38:40]}  Bf6 {[%clk 0:11:43]} 26. Bg5 {[%clk 0:35:08]}  Rf8 {[%clk 0:11:10]} 27. Bxf6 {[%clk 0:22:10]}  gxf6 {[%clk 0:07:53]} 28. Rd3 {[%clk 0:15:30]}  Nb3 {[%clk 0:02:54]} 29. Nxe5 {[%clk 0:15:22]} 1-0

[Event "Masters Tournament (MTO)"]
[Site "Biel, CH"]
[Date "2025.07.19"]
[Round "6"]
[White "Gut, Raphael"]
[Black "Saminskij, Jan"]
[Result "1/2-1/2"]
[Board "20"]
[WhiteFideId "1339974"]
[BlackFideId "1346962"]
[WhiteElo "2147"]
[BlackElo "2230"]
[WhiteTeam "SUI"]
[BlackTeam "SUI"]
[WhiteClock "0:00:57"]
[BlackClock "0:08:09"]
[Variant "Standard"]

1. d4 {[%clk 1:40:57]}  d5 {[%clk 1:39:42]} 2. c4 {[%clk 1:41:24]}  e6 {[%clk 1:40:07]} 3. Nc3 {[%clk 1:41:51]}  Nf6 {[%clk 1:40:31]} 4. cxd5 {[%clk 1:42:19]}  exd5 {[%clk 1:40:53]} 5. Bg5 {[%clk 1:42:46]}  Be7 {[%clk 1:41:16]} 6. e3 {[%clk 1:43:12]}  O-O {[%clk 1:41:31]} 7. Bd3 {[%clk 1:43:37]}  h6 {[%clk 1:41:57]} 8. Bh4 {[%clk 1:44:03]}  Re8 {[%clk 1:42:23]} 9. Qc2 {[%clk 1:44:00]}  c6 {[%clk 1:42:48]} 10. Nge2 {[%clk 1:44:26]}  Nbd7 {[%clk 1:43:13]} 11. O-O {[%clk 1:44:50]}  Nh5 {[%clk 1:43:39]} 12. Bxe7 {[%clk 1:45:11]}  Qxe7 {[%clk 1:44:04]} 13. Rae1 {[%clk 1:44:04]}  Nf8 {[%clk 1:44:29]} 14. Nc1 {[%clk 1:43:39]}  Nf6 {[%clk 1:40:22]} 15. f3 {[%clk 1:39:16]}  Ne6 {[%clk 1:37:42]} 16. Qd2 {[%clk 1:38:11]}  Bd7 {[%clk 1:21:36]} 17. Bb1 {[%clk 1:21:41]}  c5 {[%clk 1:00:47]} 18. Nb3 {[%clk 1:04:57]}  cxd4 {[%clk 0:57:20]} 19. Nxd4 {[%clk 1:03:52]}  Qb4 {[%clk 0:48:32]} 20. a3 {[%clk 1:00:51]}  Qb6 {[%clk 0:46:06]} 21. Nce2 {[%clk 0:52:16]}  Bb5 {[%clk 0:39:13]} 22. Nxb5 {[%clk 0:49:34]}  Qxb5 {[%clk 0:35:12]} 23. Nd4 {[%clk 0:44:05]}  Nxd4 {[%clk 0:30:05]} 24. Qxd4 {[%clk 0:44:30]}  Re6 {[%clk 0:13:58]} 25. Rf2 {[%clk 0:33:18]}  Rc6 {[%clk 0:13:14]} 26. Bd3 {[%clk 0:30:52]}  Qb3 {[%clk 0:10:57]} 27. Rd2 {[%clk 0:29:43]}  a6 {[%clk 0:28:28]} 28. Kf2 {[%clk 0:27:49]}  Rac8 {[%clk 0:23:03]} 29. Ra1 {[%clk 0:23:19]}  Rc1 {[%clk 0:18:23]} 30. Rxc1 {[%clk 0:23:33]}  Rxc1 {[%clk 0:18:51]} 31. Qb4 {[%clk 0:23:48]}  Qxb4 {[%clk 0:18:56]} 32. axb4 {[%clk 0:24:17]}  Kf8 {[%clk 0:17:55]} 33. Bc2 {[%clk 0:20:58]}  Ke7 {[%clk 0:16:22]} 34. Bb3 {[%clk 0:17:35]}  a5 {[%clk 0:13:41]} 35. bxa5 {[%clk 0:19:56]}  Rc5 {[%clk 0:09:58]} 36. Ke2 {[%clk 0:14:32]}  Rxa5 {[%clk 0:08:51]} 37. Kd3 {[%clk 0:13:56]}  Kd6 {[%clk 0:06:16]} 38. Kc3 {[%clk 0:12:49]}  Kc5 {[%clk 0:11:24]} 39. Bd1 {[%clk 0:08:35]}  Ra8 {[%clk 0:09:24]} 40. b4+ {[%clk 0:04:55]}  Kd6 {[%clk 0:04:42]} 41. Bb3 {[%clk 0:03:07]}  Rc8+ {[%clk 0:37:49]} 42. Kd4 {[%clk 0:25:00]}  Rc7 {[%clk 0:27:41]} 43. Rd1 {[%clk 0:22:04]}  Rc6 {[%clk 0:07:02]} 44. e4 {[%clk 0:19:23]}  dxe4 {[%clk 0:17:55]} 45. fxe4 {[%clk 0:10:12]}  Ke7 {[%clk 0:16:36]} 46. e5 {[%clk 0:09:35]}  Nd7 {[%clk 0:16:09]} 47. Bd5 {[%clk 0:09:31]}  Rb6 {[%clk 0:15:51]} 48. Rb1 {[%clk 0:06:09]}  Rb5 {[%clk 0:13:18]} 49. Kc4 {[%clk 0:09:36]}  Rb6 {[%clk 0:11:47]} 50. Re1 {[%clk 0:05:13]}  Nf8 {[%clk 0:08:46]} 51. Kc5 {[%clk 0:07:56]}  Nd7+ {[%clk 0:09:12]} 52. Kc4 {[%clk 0:08:23]}  Nf8 {[%clk 0:07:19]} 53. Ra1 {[%clk 0:04:25]}  Nd7 {[%clk 0:08:16]} 54. Ra7 {[%clk 0:03:32]}  Nxe5+ {[%clk 0:08:11]} 55. Kd4 {[%clk 0:03:32]}  Kd6 {[%clk 0:08:09]} 56. Rxb7 {[%clk 0:00:57]} 1/2-1/2

[Event "Masters Tournament (MTO)"]
[Site "Biel, CH"]
[Date "2025.07.19"]
[Round "6"]
[White "Sowray, Peter J"]
[Black "Hoffmann, Achim Gunter"]
[Result "1-0"]
[Board "21"]
[WhiteFideId "400971"]
[BlackFideId "3203840"]
[WhiteTitle "FM"]
[WhiteElo "2211"]
[BlackElo "2045"]
[WhiteTeam "ENG"]
[BlackTeam "AUS"]
[WhiteClock "0:42:45"]
[BlackClock "0:06:39"]
[Variant "Standard"]

1. d4 {[%clk 1:40:53]}  Nf6 {[%clk 1:40:41]} 2. Nc3 {[%clk 1:41:14]}  d5 {[%clk 1:40:53]} 3. Bf4 {[%clk 1:41:33]}  g6 {[%clk 1:31:05]} 4. e3 {[%clk 1:41:41]}  Bg7 {[%clk 1:30:28]} 5. h4 {[%clk 1:41:51]}  c6 {[%clk 1:28:43]} 6. Bd3 {[%clk 1:37:09]}  b5 {[%clk 1:24:34]} 7. a3 {[%clk 1:33:02]}  a6 {[%clk 1:10:15]} 8. Nf3 {[%clk 1:27:42]}  Bg4 {[%clk 1:08:07]} 9. Qd2 {[%clk 1:28:00]}  Bxf3 {[%clk 1:04:43]} 10. gxf3 {[%clk 1:28:28]}  Nh5 {[%clk 1:04:26]} 11. Bh2 {[%clk 1:25:03]}  Nd7 {[%clk 1:02:06]} 12. O-O-O {[%clk 1:13:48]}  O-O {[%clk 0:51:34]} 13. Kb1 {[%clk 1:12:30]}  a5 {[%clk 0:44:08]} 14. Ne2 {[%clk 1:12:00]}  e5 {[%clk 0:42:51]} 15. e4 {[%clk 1:06:39]}  b4 {[%clk 0:38:31]} 16. a4 {[%clk 1:06:00]}  exd4 {[%clk 0:38:13]} 17. exd5 {[%clk 1:05:38]}  c5 {[%clk 0:38:17]} 18. Bb5 {[%clk 1:02:36]}  Nb6 {[%clk 0:36:28]} 19. d6 {[%clk 1:02:19]}  Nc8 {[%clk 0:35:29]} 20. Qg5 {[%clk 0:53:34]}  Qb6 {[%clk 0:29:56]} 21. Nf4 {[%clk 0:48:43]}  h6 {[%clk 0:08:54]} 22. Qd5 {[%clk 0:45:00]}  Nf6 {[%clk 0:08:53]} 23. Qxa8 {[%clk 0:44:06]}  Na7 {[%clk 0:08:43]} 24. Nd5 {[%clk 0:43:42]}  Qxb5 {[%clk 0:06:21]} 25. Nxf6+ {[%clk 0:43:09]}  Bxf6 {[%clk 0:06:39]} 26. Qxf8+ {[%clk 0:42:45]} 1-0

[Event "Masters Tournament (MTO)"]
[Site "Biel, CH"]
[Date "2025.07.19"]
[Round "6"]
[White "Federer, Colin"]
[Black "Cervelli, Eduard"]
[Result "1-0"]
[Board "22"]
[WhiteFideId "1345117"]
[BlackFideId "1351800"]
[WhiteTitle "FM"]
[WhiteElo "2303"]
[BlackElo "2086"]
[WhiteTeam "SUI"]
[BlackTeam "SUI"]
[WhiteClock "0:47:21"]
[BlackClock "0:28:13"]
[Variant "Standard"]

1. e4 {[%clk 1:40:49]}  e5 {[%clk 1:40:26]} 2. Nf3 {[%clk 1:40:54]}  Nc6 {[%clk 1:40:49]} 3. Bc4 {[%clk 1:41:09]}  Bc5 {[%clk 1:40:57]} 4. d3 {[%clk 1:41:34]}  Nf6 {[%clk 1:41:15]} 5. Bg5 {[%clk 1:41:44]}  h6 {[%clk 1:41:30]} 6. Bh4 {[%clk 1:42:10]}  d6 {[%clk 1:41:43]} 7. c3 {[%clk 1:42:31]}  a6 {[%clk 1:42:00]} 8. Nbd2 {[%clk 1:42:54]}  Ba7 {[%clk 1:42:12]} 9. O-O {[%clk 1:43:12]}  g5 {[%clk 1:42:11]} 10. Bg3 {[%clk 1:43:30]}  Bg4 {[%clk 1:42:21]} 11. Kh1 {[%clk 1:38:22]}  Nh5 {[%clk 1:42:37]} 12. h3 {[%clk 1:35:29]}  Bd7 {[%clk 1:40:27]} 13. d4 {[%clk 1:31:17]}  Qe7 {[%clk 1:28:00]} 14. Bh2 {[%clk 1:18:24]}  Nf4 {[%clk 1:37:33]} 15. Bxf4 {[%clk 1:16:30]}  gxf4 {[%clk 1:37:39]} 16. d5 {[%clk 1:11:08]}  Nd8 {[%clk 1:35:21]} 17. Bd3 {[%clk 0:35:58]}  h5 {[%clk 1:29:18]} 18. c4 {[%clk 0:24:01]}  h4 {[%clk 0:50:30]} 19. b4 {[%clk 1:00:56]}  f6 {[%clk 0:50:37]} 20. Rc1 {[%clk 1:00:03]}  Nf7 {[%clk 0:47:16]} 21. Nb3 {[%clk 0:52:12]}  Ng5 {[%clk 0:47:00]} 22. Nxg5 {[%clk 0:48:46]}  fxg5 {[%clk 0:47:22]} 23. Be2 {[%clk 0:48:49]}  Rb8 {[%clk 0:41:23]} 24. Na5 {[%clk 0:38:01]}  Kf7 {[%clk 0:34:49]} 25. Bg4 {[%clk 0:44:14]}  Bb6 {[%clk 0:35:07]} 26. Nb3 {[%clk 0:36:37]}  Ba4 {[%clk 0:29:07]} 27. Qd3 {[%clk 0:36:20]}  Bxb3 {[%clk 0:28:55]} 28. Qxb3 {[%clk 0:36:43]}  Kg6 {[%clk 0:27:14]} 29. Qc2 {[%clk 0:33:13]}  Rhg8 {[%clk 0:22:44]} 30. c5 {[%clk 0:33:12]}  Ba7 {[%clk 0:23:58]} 31. Qc4 {[%clk 0:31:41]}  Rg7 {[%clk 0:21:08]} 32. Rc2 {[%clk 0:30:27]}  Qd8 {[%clk 0:18:00]} 33. Rfc1 {[%clk 0:30:02]}  Qe7 {[%clk 0:16:31]} 34. Qe2 {[%clk 0:28:37]}  Qd8 {[%clk 0:15:44]} 35. Bf5+ {[%clk 0:27:41]}  Kh6 {[%clk 0:15:49]} 36. Rc3 {[%clk 0:27:28]}  Qe7 {[%clk 0:12:56]} 37. R1c2 {[%clk 0:24:18]}  Rh8 {[%clk 0:02:29]} 38. Qd1 {[%clk 0:23:31]}  Rb8 {[%clk 0:00:46]} 39. Qc1 {[%clk 0:23:18]}  Qf6 {[%clk 0:00:38]} 40. cxd6 {[%clk 0:19:06]}  cxd6 {[%clk 0:01:00]} 41. Rc8 {[%clk 0:19:03]}  Rxc8 {[%clk 0:28:45]} 42. Rxc8 {[%clk 0:49:28]}  Re7 {[%clk 0:29:01]} 43. Rg8 {[%clk 0:46:20]}  Bxf2 {[%clk 0:28:13]} 44. Qc8 {[%clk 0:47:21]} 1-0

[Event "Masters Tournament (MTO)"]
[Site "Biel, CH"]
[Date "2025.07.19"]
[Round "6"]
[White "Kanana, Ziad"]
[Black "Sanket Chakravarty"]
[Result "0-1"]
[Board "23"]
[WhiteFideId "1346911"]
[BlackFideId "25032038"]
[BlackTitle "IM"]
[WhiteElo "2062"]
[BlackElo "2301"]
[WhiteTeam "SUI"]
[BlackTeam "IND"]
[WhiteClock "0:27:17"]
[BlackClock "0:57:48"]
[Variant "Standard"]

1. e4 {[%clk 1:40:56]}  c5 {[%clk 1:29:14]} 2. Nf3 {[%clk 1:41:18]}  d6 {[%clk 1:29:38]} 3. d4 {[%clk 1:41:44]}  cxd4 {[%clk 1:30:03]} 4. Nxd4 {[%clk 1:42:10]}  Nc6 {[%clk 1:30:25]} 5. Nc3 {[%clk 1:38:37]}  Nf6 {[%clk 1:30:44]} 6. Bg5 {[%clk 1:39:03]}  e6 {[%clk 1:31:04]} 7. Bb5 {[%clk 1:39:28]}  Bd7 {[%clk 1:31:19]} 8. Qd3 {[%clk 1:39:47]}  Qb6 {[%clk 1:31:31]} 9. O-O-O {[%clk 1:35:43]}  Nxd4 {[%clk 1:26:15]} 10. Bxd7+ {[%clk 1:35:04]}  Nxd7 {[%clk 1:24:27]} 11. Qxd4 {[%clk 1:35:15]}  Qxd4 {[%clk 1:23:53]} 12. Rxd4 {[%clk 1:35:40]}  a6 {[%clk 1:21:33]} 13. Rhd1 {[%clk 1:31:37]}  Rc8 {[%clk 1:21:42]} 14. Bh4 {[%clk 1:28:35]}  h5 {[%clk 1:22:01]} 15. h3 {[%clk 1:17:31]}  Ne5 {[%clk 1:17:00]} 16. Bg3 {[%clk 1:15:28]}  Nc4 {[%clk 1:17:05]} 17. b3 {[%clk 1:03:40]}  Ne5 {[%clk 1:13:14]} 18. Kb2 {[%clk 1:02:03]}  Be7 {[%clk 1:12:27]} 19. Bxe5 {[%clk 0:59:56]}  dxe5 {[%clk 1:12:49]} 20. Rd7 {[%clk 0:57:43]}  Bc5 {[%clk 1:10:14]} 21. Rxb7 {[%clk 0:44:16]}  Bd4 {[%clk 1:06:44]} 22. Rd3 {[%clk 0:44:42]}  O-O {[%clk 1:02:12]} 23. Rd7 {[%clk 0:40:36]}  Bxf2 {[%clk 0:56:07]} 24. Na4 {[%clk 0:31:28]}  f5 {[%clk 0:53:54]} 25. Re7 {[%clk 0:24:03]}  Rcd8 {[%clk 0:43:31]} 26. Rxd8 {[%clk 0:19:30]}  Rxd8 {[%clk 0:43:55]} 27. exf5 {[%clk 0:15:47]}  exf5 {[%clk 0:41:42]} 28. c4 {[%clk 0:14:49]}  Kf8 {[%clk 0:38:16]} 29. Re6 {[%clk 0:15:07]}  e4 {[%clk 0:36:03]} 30. Kc2 {[%clk 0:05:37]}  Kf7 {[%clk 0:29:45]} 31. Rxa6 {[%clk 0:04:38]}  e3 {[%clk 0:30:04]} 32. Nc3 {[%clk 0:03:52]}  Rd2+ {[%clk 0:30:31]} 33. Kc1 {[%clk 0:04:08]}  e2 {[%clk 0:30:52]} 34. Nxe2 {[%clk 0:04:22]}  Be3 {[%clk 0:30:46]} 35. Kb1 {[%clk 0:03:25]}  Rxe2 {[%clk 0:31:10]} 36. b4 {[%clk 0:03:17]}  Rxg2 {[%clk 0:31:06]} 37. c5 {[%clk 0:03:25]}  f4 {[%clk 0:31:18]} 38. Ra3 {[%clk 0:03:44]}  Bd4 {[%clk 0:30:42]} 39. Rf3 {[%clk 0:03:30]}  Rf2 {[%clk 0:30:28]} 40. Rxf2 {[%clk 0:01:15]}  Bxf2 {[%clk 0:29:04]} 41. Kc2 {[%clk 0:28:34]}  g5 {[%clk 0:58:38]} 42. Kd3 {[%clk 0:27:35]}  g4 {[%clk 0:56:45]} 43. hxg4 {[%clk 0:26:54]}  hxg4 {[%clk 0:57:13]} 44. Ke2 {[%clk 0:27:12]}  Bd4 {[%clk 0:57:32]} 45. c6 {[%clk 0:27:07]}  f3+ {[%clk 0:57:36]} 46. Ke1 {[%clk 0:27:01]}  Bb6 {[%clk 0:57:12]} 47. c7 {[%clk 0:26:53]}  Bxc7 {[%clk 0:57:36]} 48. Kf2 {[%clk 0:27:17]}  Ke6 {[%clk 0:57:48]} 0-1